Hornos / (Record no. 72140)

MARC details
000 -LEADER
campo de control de longitud fija 00712nam a2200229 i 4500
001 - NÚMERO DE CONTROL
campo de control 72140
003 - IDENTIFICADOR DE NÚMERO DE CONTROL
campo de control ES-MaACL
005 - FECHA Y HORA DE LA ÚLTIMA TRANSACCIÓN
campo de control 20230906171332.0
007 - CAMPO FIJO DE DESCRIPCIÓN FÍSICA--INFORMACIÓN GENERAL
campo de control de longitud fija t|
008 - DATOS DE LONGITUD FIJA--INFORMACIÓN GENERAL
campo de control de longitud fija 040826s1969 sp ||||1| spa d
100 1# - ENTRADA PRINCIPAL--NOMBRE DE PERSONA
Nombre de persona Gilchrist, J. D.
9 (RLIN) 56926
245 10 - MENCIÓN DEL TÍTULO
Título Hornos /
Mención de responsabilidad, etc. J.D. Gilchrist ; versión, Carlos Barba Solana ; revisión, J.M. Storch de Gracia y Asensio.
250 ## - MENCION DE EDICION
Mención de edición [1ª ed.].
260 ## - PUBLICACIÓN, DISTRIBUCIÓN, ETC.
Lugar de publicación, distribución, etc. Madrid :
Nombre del editor, distribuidor, etc. Alhambra,
Fecha de publicación, distribución, etc. [1969]
300 ## - DESCRIPCIÓN FÍSICA
Extensión VIII, 167 p. :
Otras características físicas il. ;
Dimensiones 20 cm.
490 1# - MENCIÓN DE SERIE
Mención de serie Exedra
700 1# - ENTRADA AGREGADA--NOMBRE PERSONAL
Nombre de persona Barba Solana, Carlos.
9 (RLIN) 25367
700 1# - ENTRADA AGREGADA--NOMBRE PERSONAL
Nombre de persona Storch de Gracia y Asensio, José María.
9 (RLIN) 108326
830 0# - PUNTO DE ACCESO ADICIONAL DE SERIE-TÍTULO UNIFORME
Título uniforme Exedra
9 (RLIN) 177436
852 ## - LOCALIZACIÓN
Ubicación ES-MaACL
Número de control de estantería C-36004
Sublocalización o colección R.69016
Holdings
Estatus retirado Estado de pérdida Estado de daño No para préstamo Biblioteca de origen Biblioteca actual Ubicación en estantería Fecha de adquisición Fuente de adquisición Total de préstamos Signatura topográfica completa Código de barras Visto por última vez Precio de reemplazo Tipo de ítem Koha
        Biblioteca del Ateneo de Madrid Biblioteca del Ateneo de Madrid Depósito 2 17/01/2008     C-36004 1075525 23/02/2023 23/02/2023 Libro impreso